Optimal Foreign Borrowing <The> Impact of the Planning Horizon on the Half and Full Debt Cycle

Gespeichert in:
Bibliographische Detailangaben
1. Verfasser: Long, Ngo Van
Weitere Verfasser: Siebert, Horst
Format: Buch
Sprache:Englisch
Veröffentlicht: Kiel Institut für Weltwirtschaft 1989
Ausgabe:1. ed.
Schriftenreihe:Working Paper No.348
Tags: Tag hinzufügen
Keine Tags, Fügen Sie das erste Tag hinzu!

MARC

LEADER 00000nam a2200000 4500
001 c027936
005 20221215114247.4
041 0 |a eng 
044 |a DE 
245 1 0 |a Optimal Foreign Borrowing  |b <The> Impact of the Planning Horizon on the Half and Full Debt Cycle  |c Ngo van Long, Horst Siebert 
250 |a 1. ed. 
264 1 |a Kiel  |b Institut für Weltwirtschaft  |c 1989 
300 |a 27 s. 
490 1 |a Working Paper  |v No.348 
830 0 |a Working Paper  |v No.348 
100 1 |a Long, Ngo Van 
700 1 |a Siebert, Horst